00462nam a2200109Ia 4500008004100000050002400041100003200065245011900097260008600216300002800302521002200330140724s9999 xx 000 0 und d aLC 4717b.R696 2011 aRodriguez, Divina Garcia C. aReceptive and expressive skills of children with autism who underwent music therapy /cDivina Garcia C. Rodriguez. aLas Piñas, Philippines :bSouthville International School and Colleges,cc2011. a58 p. :bill. ;c28 cm. aSpecial Education